[Event "Chigorin Memorial 29th"]
[Site "St Petersburg"]
[Date "2022.10.22"]
[Round "1"]
[White "Shuliak, Zakhar"]
[Black "Klachkou, Platon"]
[Result "1/2-1/2"]
[WhiteElo "1546"]
[BlackElo "2116"]
[PlyCount "114"]
[EventDate "2022.10.22"]
[EventType "swiss"]
[EventRounds "9"]
[EventCountry "RUS"]
[SourceTitle "EXT 2024"]
[Source "ChessBase"]
[SourceDate "2023.10.10"]
[SourceVersion "1"]
[SourceVersionDate "2023.10.10"]
[SourceQuality "1"]

1. g3 Nf6 2. Bg2 c6 3. c4 g6 4. d4 Bg7 5. Nc3 d5 6. cxd5 Nxd5 7. Nxd5 cxd5 8. Nf3 Nc6 9. 0-0 0-0 10. e3 h6 11. a3 Be6 12. b4 Qb6 13. Bd2 Bf5 14. Qe2 Rad8 15. Rac1 Be4 16. Bc3 Rfe8 17. Ne5 Bf5 18. g4 Nxe5 19. dxe5 Bc8 20. f4 Bd7 21. Bd4 Qb5 22. Qf3 e6 23. Rc5 Qa4 24. Ra5 Qc6 25. Rc5 Qa6 26. Ra5 Qc4 27. Rxa7 Qc6 28. a4 Ra8 29. b5 Qc4 30. Rxb7 Bc8 31. Rb6 Rxa4 32. Rb1 Bd7 33. Rd6 Qc2 34. Rb2 Ra1+ 35. Bf1 Qc8 36. b6 Bf8 37. b7 Qc7 38. Rxd7 Qxd7 39. b8Q Rxb8 40. Rxb8 Rc1 41. Qe2 Kg7 42. f5 Ba3 43. f6+ Kh7 44. Qa6 Qc7 45. Qa8 Rxf1+ 46. Kxf1 Qc1+ 47. Ke2 Qc2+ 48. Kf3 Qd1+ 49. Kf2 Qd2+ 50. Kf3 Qd1+ 51. Kf2 Qd2+ 52. Kf1 Qd1+ 53. Kg2 Qe2+ 54. Kg3 Qe1+ 55. Kh3 Qf1+ 56. Kg3 Qg1+ 57. Kh3 Qf1+ 1/2-1/2